Personnages de Sex and the city - Statistiques

Statistiques générales
  • Ce quiz a été pris 17 fois
  • Le résultat moyen est 11 sur 16
Statistiques - réponses
Par images Réponse % Correct
Miranda Hobbes
100%
Mister Big
100%
Samantha Jones
100%
Carrie Bradshaw
91%
Charlotte York
91%
Steve Brady
91%
Aidan Shaw
64%
Jerry "Smith" Jerrod
64%
Magda
64%
Harry Goldenblatt
55%
Jack Berger
55%
Richard Wright
55%
Stanford Blatch
55%
Anthony Marantino
45%
Bunny Macdougal
27%
Nina Katz
9%
Aucun quiz correspondant
Distribution des résultats
% des personnes avec chaque résultat
Percentile par nombre de réponses
Votre historique - résultats
Vous n’avez pas pris ce quiz